000 00707nam a2200289Ia 4500
005 20260324144026.0
008 008 260324s9999 xx 000 0 eng d
020 _a9780429310249
037 _aEBOOK
040 _aCRL
040 _beng
040 _cCRL
041 _2eng
041 _aeng
084 _qCRL
100 _aDouglas H Johnson; David M Anderson
_91217800
245 4 _aThe Ecology Of Survival
245 0 _bCase Studies From Northeast African History
260 _bTaylor and Francis
260 _c1989
365 _a
365 _b205
856 _uhttp://www.taylorfrancis.com/books/9780429310249
942 _cEBOOK
999 _c1823912
_d1823912